Ritual poetry and the politics of death in early Japan
Kaydedildi:
| Yazar: | |
|---|---|
| Materyal Türü: | Kitap |
| Dil: | İngilizce |
| Baskı/Yayın Bilgisi: |
Princeton
Princeton University Press
1989
|
| Konular: | |
| Etiketler: |
Etiketle
Etiket eklenmemiş, İlk siz ekleyin!
|
MARC
| LEADER | 00000nam a2200000 a 4500 | ||
|---|---|---|---|
| 001 | UCX3770 | ||
| 003 | CL-VaPUC | ||
| 008 | 911217e19890000US |||||||||||||||||eng|d | ||
| 082 | 0 | 4 | |a 393.095 |b EBE |2 21 |
| 100 | 0 | |a Ebersole, Gary L |e author |9 319962 | |
| 245 | 1 | 0 | |a Ritual poetry and the politics of death in early Japan |
| 300 | |a 338 p | ||
| 942 | |c BK | ||
| 945 | |d 19911217 00:00:00 | ||
| 260 | |a Princeton |b Princeton University Press |c 1989 | ||
| 650 | 7 | |a MUERTE ASPECTOS RELIGIOSOS |2 CL-VaPUC |9 319963 | |
| 650 | 7 | |a RITOS Y CEREMONIAS FUNEBRES |2 CL-VaPUC |9 267450 | |
| 650 | 7 | |a POESIA JAPONESA TRADUCCIONES AL INGLES |2 CL-VaPUC |9 319964 | |
| 583 | |a last modification |c 20120709 09:57:03 |k Rodrigo Vera | ||
| 999 | |c 224436 |d 224434 | ||
| 952 | |0 0 |1 0 |4 0 |6 393_095000000000000_EBE_1989 |7 0 |8 A |9 221070 |a BIBGIM |b BIBGIM |d 2019-11-15 |i 2898187 |o 393.095 EBE 1989 |p 2898187 |r 2025-01-15 |w 2019-11-15 |y BK |k ORI | ||